Muertos de amor

Gardado en:
Detalles Bibliográficos
Autor Principal: Lanata, Jorge (Author)
Formato: Libro
Idioma:Lingua castelá
Publicado: Buenos Aires Alfaguara 2007
Edición:1a. ed
Subjects:
Tags: Engadir etiqueta
Sen Etiquetas, Sexa o primeiro en etiquetar este rexistro!

MARC

LEADER 00000cam a2200000 a 4500
001 UCG8037
003 CL-VaPUC
008 111118e20070000AG |||||||||||||||||spa|d
020 |a 9789870406532 
082 0 4 |a Ar863  |b LAN  |2 21 
100 0 |a Lanata, Jorge  |e author  |9 558558 
245 1 0 |a Muertos de amor 
250 |a 1a. ed 
300 |a 148 p 
942 |c BK 
945 |d 20111118 00:00:00  |a dcastane 
260 |a Buenos Aires  |b Alfaguara  |c 2007 
650 0 |a Novelas argentinas  |9 267871 
650 0 |a Literatura argentina  |9 320596 
583 |a last modification  |c 20111118 11:09:00  |k Rodrigo Vera 
999 |c 345681  |d 345679 
952 |0 0  |1 0  |4 0  |6 AR_863_000000000000000_LAN_2007  |7 0  |8 A  |9 445421  |a BIBEDU  |b BIBEDU  |d 2019-11-22  |i 4793846  |o Ar863 LAN 2007  |p 4793846  |r 2019-11-22  |w 2019-11-22  |y BK  |k LIT